| 000 | 00548nam a2200229 a 4500 | ||
|---|---|---|---|
| 001 | nice12345678 | ||
| 003 | IN_TiNIC | ||
| 005 | 20260116011757.0 | ||
| 008 | 050524s0000 dela grp 000 0 eng | ||
| 020 |
_a _c100 |
||
| 082 | 0 | 0 |
_a297.63 _bDIN |
| 100 | _aDinet, E | ||
| 245 |
_aLife of Mohammad _b the Prophet of Allah |
||
| 260 |
_aDelhi _bKutub Khana Azizia _c0000 |
||
| 300 | _a212p | ||
| 500 | _aincludes index and biblioraphy | ||
| 505 | 2 | _aIndex | |
| 650 | _aMuhammad, Prophet | ||
| 902 | _bSRS | ||
| 942 | _cBK | ||
| 999 |
_c3878 _d3878 |
||